00557cam a22002291 4500001001300000003000400013005001700017008004100034010001700075035002000092040001800112042001200130043001200142050001800154100002600172245002600198260001100224300001900235500001400254650004200268999001700310sa 66003558 DLC20260227112236.0890607s1964 ii 000 0 tamo  asa 66003558  a(OCoLC)19832370 aDLCcWaUdDLC apremarc aa-ii---00aPL4758.4b.R30 aRakunātan̲,d1923-10aCamutāya ilakkiyam. c[1964] a245 p.c18 cm. aIn Tamil. 0aTamil fictionxHistory and criticism. c68953d68953